00426nam a2200121Ia 4500001000400000008004100004082002300045100007300068245010400141260001500245901002900260999001500289454241024s9999 xx 000 0 und d aRD/372.357/R426p/7 aRepública Dominicana.Secretaria de Estado de Educación y Cultura 0aPanorámica de la Educación Ambiental en la enseñanza Básica Logros y Perspectivas 1997-2000 bSEECc2000 a10/11/2010 11:53:30 a.m. c8702d8702